Le defi chretien
Gespeichert in:
| 1. Verfasser: | |
|---|---|
| Format: | Buch |
| Sprache: | Spanisch |
| Veröffentlicht: |
s.n
1951
|
| Schlagworte: | |
| Tags: |
Tag hinzufügen
Keine Tags, Fügen Sie den ersten Tag hinzu!
|
MARC
| LEADER | 00000nam a2200000 a 4500 | ||
|---|---|---|---|
| 001 | UCZ0853 | ||
| 003 | CL-VaPUC | ||
| 008 | 950810e19510000BE |||||||||||||||||spa|d | ||
| 082 | 0 | 4 | |a 200 |b ROC |2 21 |
| 100 | 0 | |a Roc, Robert |e author |9 344165 | |
| 245 | 1 | 3 | |a Le defi chretien |
| 300 | |a 251 p | ||
| 942 | |c BK | ||
| 945 | |d 19950810 00:00:00 |a aalvarez | ||
| 260 | |b s.n |c 1951 | ||
| 650 | 0 | |a Cristianismo |9 257361 | |
| 583 | |a last modification |c 20120903 11:18:38 |k Rodrigo Vera | ||
| 999 | |c 237745 |d 237743 | ||
| 952 | |0 0 |1 0 |4 0 |6 200_000000000000000_ROC_1951 |7 0 |8 P |9 247406 |a BIBEDU |b BIBEDU |c BIBEDU_PB |d 2019-11-18 |i 3108872 |o 200 ROC 1951 |p 3108872 |r 2024-01-25 |w 2019-11-18 |y BK |k FIL | ||